000 00255nam a22001097a 4500
100 _aAathira Ajith
245 _aGosaigavile koon viseshangal
260 _bRubber, 710(July): 25-27.
_c2025
300 _bMalayalam
700 _aRidip Choudhury
942 _cJS
999 _c75557
_d75557